History Quiz

Random History or Celebrity Quiz

In Memoriam: 2010 Quiz Stats

Quiz Updated Dec 18, 2013

Also try: In Memoriam: 2011
Challenge
Share
Tweet
Score 0/42 Timer 12:00
0 Plays Today
% Correct
Gary Coleman
78.8%
Leslie Nielsen
63.9%
Dennis Hopper
50.5%
Tom Bosley
44.7%
George Steinbrenner
40.5%
Corey Haim
37.3%
Tony Curtis
35.6%
Rue McClanahan
32.3%
Barbara Billingsley
27.7%
Elizabeth Edwards
27.6%
Manute Bol
27.1%
Peter Graves
27.1%
Lena Horne
26.5%
Sparky Anderson
25.5%
Merlin Olsen
24.3%
Blake Edwards
23.4%
Art Linkletter
23%
Jimmy Dean
22.5%
John Forsythe
20.8%
John Wooden
20.6%
Robert Byrd
18.7%
% Correct
Dixie Carter
18.1%
Robert Culp
17.7%
Lynn Redgrave
15.1%
Jill Clayburgh
11.4%
James MacArthur
11.1%
Eddie Fisher
10%
J.D. Salinger
9.9%
Edwin Newman
9.5%
Gloria Stuart
9.1%
Teddy Pendergrass
9.1%
Patricia Neal
8.7%
Teena Marie
8.2%
Stephen Cannell
7.2%
Ted Stevens
6.9%
Alexander McQueen
5.6%
George Blanda
3.2%
Zelda Rubinstein
3%
Harvey Pekar
2.2%
Howard Zinn
2%
Bob Guccione
1.9%
Dino De Laurentiis
1.5%

You're not logged in!

Compare scores with friends on all Sporcle quizzes.
Join for Free
OR
Log In

You Might Also Like...

Show Comments

Extras

Top Quizzes Today


Score Distribution

Your Account Isn't Verified!

In order to create a playlist on Sporcle, you need to verify the email address you used during registration. Go to your Sporcle Settings to finish the process.

Report this User

Report this user for behavior that violates our Community Guidelines.

Details: